Boletín informativo /
Descripción Física:
101 volums : il·lustracions, periodicitat bimensual; 28 cm
Materias:
Mutualidad Nacional de Previsión de la Administración Local
; Mutualitats -- Espanya -- Revistes
; Municipis -- Funcionaris i empleats -- Espanya -- Revistes
Idioma:
Español
MARC
| LEADER | 00000nas a22000007a 4500 | ||
|---|---|---|---|
| 001 | 991051399189706706 | ||
| 003 | Arxiu | ||
| 005 | 20260324181514.0 | ||
| 008 | 100318d1968198usp br p|r ||| 0 ||spa|c | ||
| 017 | |a DL M. 18927-1965 | ||
| 040 | |a AGDB | ||
| 080 | |a 36(460)(05) | ||
| 245 | 1 | 0 | |a Boletín informativo / |c Mutualidad Nacional de Previsión de la Administración Local |
| 260 | |a Madrid : |b Mutualidad Nacional de Previsión de la Administración Local, |c 1968-198x? | ||
| 300 | |a 101 volums : |b il·lustracions, periodicitat bimensual; |c 28 cm | ||
| 310 | |a Periodicitat bimensual | ||
| 362 | 1 | |a Núm. 1 (gener-febrer 1968)- | |
| 500 | |a Segona època de la revista comença el 1968 | ||
| 500 | |a Les dimensions varien | ||
| 610 | 2 | 0 | |a Mutualidad Nacional de Previsión de la Administración Local |9 56293 |
| 650 | 0 | 0 | |a Mutualitats |z Espanya |9 56291 |v Revistes |
| 650 | 0 | 0 | |a Municipis |x Funcionaris i empleats |z Espanya |9 56292 |v Revistes |
| 710 | 2 | |9 56293 |a Mutualidad Nacional de Previsión de la Administración Local |e entitat autora | |
| 752 | |a Espanya |b Madrid (Província) |d Madrid | ||
| 866 | |a 1968 (1, 2, 3, 4, 5, 6) | ||
| 866 | |a 1969 (8, 9, 10, 11, 12) | ||
| 866 | |a 1970 (13, 14, 15, 16, 17, 18) | ||
| 866 | |a 1971 (19, 20, 21, 22, 23, 24,) | ||
| 866 | |a 1972 (25, 26, 27, 28, 29, 30) | ||
| 866 | |a 1973 (31, 32, 33, 34, 35, 36) | ||
| 866 | |a 1974 (37, 38, 39, 40, 41, 42) | ||
| 866 | |a 1975 (43, 44, 45, 46, 47, 48) | ||
| 866 | |a 1976 (49, 50, 51, 52, 53, 54) | ||
| 866 | |a 1977 (55, 58, 62) | ||
| 866 | |a 1978 (63, 64, 65) | ||
| 866 | |a 1979 (67, 68, 69, 70, 71, 72) | ||
| 866 | |a 1980 (73, 74, 75, 76, 77, 78) | ||
| 866 | |a 1981 (79, 80, 81, 82, 83, 84) | ||
| 866 | |a 1982 (85, 87, 88, 89, 90) | ||
| 866 | |a 1983 (91, 92, 93, 94, 95, 96) | ||
| 866 | |a 1984 (97, 98, 99, 100, 101, 102) | ||
| 866 | |a 1985 (103, 104, 105, 106, 107 número especial) | ||
| 866 | |a 1986 (108, 109) | ||
| 940 | |a ICGC |d BC | ||
| 942 | |2 udc |c REV |n 1 | ||
| 952 | |0 0 |1 0 |4 0 |7 1 |9 66185 |a Arxiu |b Arxiu |d 2023-05-04 |h Núm. 103 (1985) - Núm. 107 (desembre 1985) |o Rev-2113 |p 27790 |r 2023-04-25 00:00:00 |w 2023-04-25 |y ARXIU | ||
| 952 | |0 0 |1 0 |4 0 |6 REV2114 |7 1 |9 66186 |a Arxiu |b Arxiu |d 2023-05-04 |h Núm. 108 (1986) - Núm. 109 (1986) |o Rev-2114 |p 27791 |r 2023-04-25 00:00:00 |w 2023-04-25 |y ARXIU | ||
| 952 | |0 0 |1 0 |4 0 |6 REV2110 |7 1 |9 66240 |a Arxiu |b Arxiu |d 2023-05-03 |h Núm. 1 (gener-febrer 1968) - Núm. 30 (novembre-desembre 1972) |o Rev-2110 |p 27787 |r 2023-05-03 00:00:00 |w 2023-05-03 |y ARXIU | ||
| 952 | |0 0 |1 0 |4 0 |6 REV2111 |7 1 |9 66241 |a Arxiu |b Arxiu |d 2023-05-03 |h Núm. 31 (gener-febrer 1973) - Núm. 65 (setembre-octubre 1978) |o Rev-2111 |p 27788 |r 2023-05-03 00:00:00 |w 2023-05-03 |y ARXIU | ||
| 952 | |0 0 |1 0 |4 0 |6 REV2112 |7 1 |9 66243 |a Arxiu |b Arxiu |d 2023-05-03 |h Núm. 67 (gener-febrer 1979) - Núm. 102 (1984) |o Rev-2112 |p 27789 |r 2023-05-03 00:00:00 |w 2023-05-03 |y ARXIU | ||
| 999 | |c 83378 |d 83378 | ||